Statistieken voor Minst Dichtbevolkte Landen

Klik hier om de quiz te nemen!

Algemene statistieken

  • Deze quiz is 302 keer genomen
  • De gemiddelde score is 16 van 24

Antwoordstatistieken

DichtheidLand% Correct
8.54Rusland
96%
3.78Canada
94%
3.32Australië
92%
2.10Mongolië
88%
6.89Kazachstan
83%
16.7Noorwegen
81%
16.4Finland
80%
3.31IJsland
73%
16.2Saoedi-Arabië
70%
16.3Mali
70%
16.3Argentinië
69%
3.91Libië
67%
12.8Tsjaad
67%
16.1Congo-Brazzaville
63%
12.4Turkmenistan
62%
4.51Mauritanië
62%
3.08Namibië
61%
16.5Oman
50%
4.04Botswana
50%
10.6Bolivia
50%
7.75Centraal-Afrikaanse Republiek
45%
3.58Suriname
44%
3.66Guyana
41%
8.32Gabon
31%

Scoreverdeling

Percentiel versus Aantal Correcte Antwoorden

Procent van Mensen met Elke Score

Uw Scoregeschiedenis

U heeft deze quiz nog niet genomen